000 00291nam a2200121Ia 4500
008 240731s9999 xx 000 0 und d
022 _a2837-5319
245 0 _aFamily Transitions
260 _bRoutledge
856 _uhttps://www.tandfonline.com/loi/wjdr21
942 _2ddc
942 _cTFEJ
999 _c76609
_d76609
945 _a1
_bMadushi Gamage
_c1
_dMadushi Gamage